Cinco continentes y una ciudad (Record no. 9004)

MARC details
000 -CABECERA
campo de control de longitud fija 00787nam a2200241 a 4500
001 - NÚMERO DE CONTROL
campo de control BRL_191
005 - FECHA Y HORA DE LA ÚLTIMA TRANSACCIÓN
campo de control 20190320210628.0
008 - DATOS DE LONGITUD FIJA--INFORMACIÓN GENERAL
campo de control de longitud fija 990413s1998 mx-a#####c---#000-0#spa-#
041 ## - CÓDIGO DE LENGUA
Código de lengua del texto/banda sonora o título independiente spaeng
044 ## - CÓDIGO DEL PAÍS DE LA ENTIDAD EDITORA/PRODUCTORA
Código MARC del país mx
050 #4 - SIGNATURA TOPOGRÁFICA DE LA BIBLIOTECA DEL CONGRESO
Número de clasificación ND195
Número de documento/Ítem .C56 1997
245 10 - MENCIÓN DE TÍTULO
Título Cinco continentes y una ciudad
Resto del título Salón Internacional de Pintura.
260 ## - PUBLICACIÓN, DISTRIBUCIÓN, ETC.
Lugar de publicación, distribución, etc. Ciudad de México
Nombre del editor, distribuidor, etc. Gobierno del Distrito Federal : Museo de la Ciudad de México
Fecha de publicación, distribución, etc. c1998
300 ## - DESCRIPCIÓN FÍSICA
Extensión 360 p.
Otras características físicas il. (algunas a color)
Dimensiones 28 cm.
500 ## - NOTA GENERAL
Nota general Incluye índice de pinturas
500 ## - NOTA GENERAL
Nota general Catálogo de la exposición...?
500 ## - NOTA GENERAL
Nota general Au240
546 ## - NOTA DE LENGUA/LENGUAJE
Nota de lengua/lenguaje Texto en: español e inglés
650 14 - PUNTO DE ACCESO ADICIONAL DE MATERIA--TÉRMINO DE MATERIA
Término de materia o nombre geográfico como elemento de entrada Pintura moderna
Subdivisión de forma Exposiciones
Subdivisión cronológica Siglo XX
9 (RLIN) 23182
710 2# - PUNTO DE ACCESO ADICIONAL--NOMBRE DE ENTIDAD CORPORATIVA
Nombre de entidad corporativa o nombre de jurisdicción como elemento de entrada Museo de la Ciudad de México
9 (RLIN) 23183
902 ## - CATALOGADOR
Iniciales GRL
942 ## - ELEMENTOS DE PUNTO DE ACCESO ADICIONAL (KOHA)
Fuente del sistema de clasificación o colocación Library of Congress Classification
Tipo de ítem Koha Libros
Holdings
Estado de retiro Estado de pérdida Estado dañado No para préstamo Localización permanente Ubicación/localización actual Fecha de adquisición Número de inventario Total de préstamos Signatura topográfica completa Código de barras Fecha visto por última vez Precio válido a partir de Tipo de ítem Koha
El ejemplar forma parte de la colección y puede ser consultado según las políticas vigentes.       Biblioteca Centro de Estudios Ruth D. Lechuga Biblioteca Centro de Estudios Ruth D. Lechuga 12/12/2012 Au240   ND195 .C56 1997 (Au240) GRL00203 22/03/2019 22/03/2019 Libros